Pokémons des 1eres routes(1-3) -Pokémon noir et blanc - Statistiques

Statistiques générales
  • Ce quiz a été pris 42 fois
  • Le résultat moyen est 13 sur 15
Statistiques - réponses
types pokémon % Correct
normal-vol poichigeon
100%
normal ponchiot
100%
ténèbres chacripan
97%
psy munna
91%
normal ratentif
91%
combat judokrak
85%
combat karaclée
85%
insecte-plante larveyette
85%
électrik zébibron
85%
combat charpenti
82%
insecte-poison vénipatte
82%
eau-sol tritonde
79%
plante chlorobule
76%
plante-fée doudouvet
74%
combat-ténebres baggiguane
59%
Aucun quiz correspondant
Distribution des résultats
% des personnes avec chaque résultat
Percentile par nombre de réponses
Votre historique - résultats
Vous n’avez pas pris ce quiz